000
00236 a2200097 4500
001
32264
100
_a
Padfield, Gareth, d
245
_a
Helicopter Flight dynamics
260
_a
London
_b
Black Well science
_c
1996
090
_c
21656
_d
21656
942
_a
NUST-CAE
_c
M
_c
12954
999
_c
267337
_d
267337